[Event "Tradewise Gibraltar Chess Festival 2013"]
[Site "Gibraltar ENG"]
[Date "2013.01.31"]
[Round "10.45"]
[White "Bellon Lopez, Juan Manuel"]
[Black "Hommerson, Paul"]
[Result "1-0"]
[WhiteElo "2404"]
[BlackElo "2237"]
[PlyCount "143"]
[EventDate "2013.01.22"]
[EventType "swiss"]
[EventRounds "10"]
[EventCountry "ENG"]
[Source "lmi"]
[SourceDate "2013.01.22"]

1. d4 Nf6 2. Bf4 g6 3. e3 Bg7 4. Nf3 O-O 5. Nbd2 c5 6. c3 b6 7. Qb3 d6 8. h3
Be6 9. Bc4 Bxc4 10. Qxc4 Qc8 11. O-O cxd4 12. exd4 Qxc4 13. Nxc4 Nd5 14. Bg5
Nd7 15. Rfe1 Bf6 16. h4 Rfc8 17. Ncd2 b5 18. a4 a6 19. g3 Bxg5 20. hxg5 Kg7 21.
Ra2 N7b6 22. a5 Nd7 23. Raa1 h6 24. gxh6+ Kxh6 25. Re2 N7f6 26. Ne1 Kg7 27. Nd3
Rh8 28. Kg2 Rh5 29. Rh1 Rxh1 30. Kxh1 Kf8 31. Kg2 Nd7 32. Re1 Nb8 33. Rh1 Kg7
34. Nb3 Nc6 35. Kf3 Rh8 36. Rc1 Rb8 37. Ne1 Kf6 38. Ke4 Ke6 39. Ng2 Rh8 40. Re1
Rh2 41. Kf3+ Kd7 42. Ra1 g5 43. Ne3 Nxe3 44. Kxe3 e6 45. Nd2 Ne7 46. Ne4 Nd5+
47. Ke2 g4 48. Rc1 f5 49. Nd2 e5 50. dxe5 dxe5 51. c4 bxc4 52. Nxc4 Ke6 53. Nb6
Nxb6 54. axb6 Rh7 55. Ra1 Rb7 56. Rxa6 f4 57. Kd3 Kd5 58. Ra5+ Kc6 59. Rxe5 Rf7
60. Re6+ Kb7 61. gxf4 Rxf4 62. Ke2 Rb4 63. Rg6 Rxb2+ 64. Kf1 Rb4 65. Rf6 Kc8
66. Kg2 Rb3 67. Rg6 Rb4 68. Kg3 Rb2 69. Rg8+ Kb7 70. Rxg4 Rxb6 71. Rc4 Rg6+ 72.
Kh4 1-0

[Event "Tradewise Gibraltar Chess Festival 2013"]
[Site "Gibraltar ENG"]
[Date "2013.01.31"]
[Round "10.46"]
[White "Zygouris, Hristos"]
[Black "Melia, Salome"]
[Result "0-1"]
[WhiteElo "2218"]
[BlackElo "2403"]
[PlyCount "59"]
[EventDate "2013.01.22"]
[EventType "swiss"]
[EventRounds "10"]
[EventCountry "ENG"]
[Source "lmi"]
[SourceDate "2013.01.22"]

1. Nf3 Nf6 2. c4 e6 3. g3 a6 4. Bg2 b5 5. b3 c5 6. O-O Bb7 7. e3 Be7 8. Nc3 O-O
9. Qc2 Nc6 10. Rd1 d5 11. d4 bxc4 12. bxc4 dxc4 13. dxc5 Qa5 14. Rb1 Nb4 15.
Qa4 Qxc5 16. a3 Nbd5 17. Qc2 Nxc3 18. Qxc3 Be4 19. Nd2 Rad8 20. Bb2 Bxb1 21.
Rxb1 Rd3 22. Qc2 Rc8 23. Rc1 Rd7 24. Nxc4 Rdc7 25. Bf1 Qh5 26. Qa4 Qb5 27. Qc2
h6 28. Qd2 Rxc4 29. Rxc4 Rxc4 30. Bxc4 0-1

[Event "Tradewise Gibraltar Chess Festival 2013"]
[Site "Gibraltar ENG"]
[Date "2013.01.31"]
[Round "10.48"]
[White "Nezad, Husein Aziz"]
[Black "Lyell, Mark"]
[Result "1-0"]
[WhiteElo "2394"]
[BlackElo "2235"]
[PlyCount "119"]
[EventDate "2013.01.22"]
[EventType "swiss"]
[EventRounds "10"]
[EventCountry "ENG"]
[Source "lmi"]
[SourceDate "2013.01.22"]

1. Nf3 d5 2. d4 c5 3. dxc5 Nc6 4. e3 e5 5. a3 e4 6. Nfd2 Bxc5 7. c4 Nf6 8. cxd5
Qxd5 9. Nc3 Qe5 10. Qc2 Bf5 11. h3 O-O 12. Nc4 Qe6 13. b4 Be7 14. Bb2 Rac8 15.
Be2 Nd7 16. Qb3 Nce5 17. Nd2 Qg6 18. Nd5 Rfe8 19. Nf4 Qh6 20. Bd4 Bg5 21. g3
Bxf4 22. gxf4 Nd3+ 23. Bxd3 exd3 24. Rg1 g6 25. Rg5 Qxh3 26. Qd5 Rc2 27. Qg2
Qxg2 28. Rxg2 Nb6 29. Kd1 Rec8 30. e4 Nc4 31. f3 Bd7 32. Rh2 Nxa3 33. Ke1 Nb5
34. Be5 a6 35. Rd1 Nc3 36. Ra1 Na2 37. f5 Nxb4 38. Rd1 Na2 39. Rh4 Nc3 40. Ra1
Bb5 41. Bf4 Ne2 42. Bh6 Rc1+ 43. Rxc1 Rxc1+ 44. Kf2 Nd4 45. Ke3 Nc2+ 46. Kf4 f6
47. e5 Ne1 48. Rg4 fxe5+ 49. Kg5 Rc2 50. Kf6 Rc6+ 51. Ke7 Rc7+ 52. Kd6 Rd7+ 53.
Kxe5 Re7+ 54. Kd6 Re8 55. Ne4 Rd8+ 56. Ke7 Rd7+ 57. Ke6 Nxf3 58. Nf6+ Kh8 59.
Nxd7 Bxd7+ 60. Kf7 1-0

[Event "Tradewise Gibraltar Chess Festival 2013"]
[Site "Gibraltar ENG"]
[Date "2013.01.31"]
[Round "10.49"]
[White "Dukaczewski, Piotr"]
[Black "Hutton, Jack"]
[Result "1-0"]
[WhiteElo "2268"]
[BlackElo "2017"]
[PlyCount "93"]
[EventDate "2013.01.22"]
[EventType "swiss"]
[EventRounds "10"]
[EventCountry "ENG"]
[Source "lmi"]
[SourceDate "2013.01.22"]

1. Nf3 Nf6 2. g3 e6 3. Bg2 d5 4. c4 Be7 5. b3 c5 6. cxd5 exd5 7. Bb2 O-O 8. O-O
d4 9. b4 Nc6 10. bxc5 Bxc5 11. Qc1 Qb6 12. Na3 Be6 13. Ng5 Rac8 14. Nxe6 fxe6
15. Nc4 Qc7 16. d3 a6 17. Qg5 Qe7 18. a4 Nd5 19. Qxe7 Ndxe7 20. Bf3 Rf6 21. Nd2
Rh6 22. Bg2 e5 23. Ne4 Bb4 24. h4 Na5 25. Rab1 Nd5 26. Ng5 Rd6 27. Bxd4 exd4
28. Bxd5+ Rxd5 29. Rxb4 Rc2 30. Ne6 Ra2 31. Rc1 Rd6 32. Rc8+ Kf7 33. Nxd4 Rd7
34. e3 Nc6 35. Nxc6 bxc6 36. Rxc6 a5 37. Rf4+ Ke7 38. Rc5 Ra7 39. Kg2 Ra3 40.
Rd4 Rb3 41. f4 Rb4 42. Rdc4 Rb3 43. Rc7+ Rxc7 44. Rxc7+ Kf6 45. Ra7 Rb4 46.
Rxa5 Rb3 47. Kf3 1-0

[Event "Tradewise Gibraltar Chess Festival 2013"]
[Site "Gibraltar ENG"]
[Date "2013.01.31"]
[Round "10.52"]
[White "Pena Riasco, Alexander"]
[Black "Sanchez Ibern, Marc"]
[Result "0-1"]
[WhiteElo "2156"]
[BlackElo "2356"]
[PlyCount "82"]
[EventDate "2013.01.22"]
[EventType "swiss"]
[EventRounds "10"]
[EventCountry "ENG"]
[Source "lmi"]
[SourceDate "2013.01.22"]

1. e4 c5 2. Nf3 d6 3. d4 Nf6 4. Nc3 cxd4 5. Nxd4 Nc6 6. Be2 Qb6 7. Nb3 e6 8.
O-O a6 9. Be3 Qc7 10. a4 b6 11. f4 Bb7 12. Bf3 Be7 13. Qe2 O-O 14. g4 Rfe8 15.
Bg2 Bf8 16. g5 Nd7 17. Qh5 Na5 18. Nxa5 bxa5 19. Rf3 g6 20. Qh4 Bg7 21. Rh3 Nf8
22. Qf2 Qc4 23. Re1 Rac8 24. Re2 Qb4 25. f5 exf5 26. exf5 gxf5 27. Bxb7 Qxb7
28. Rd2 Rc4 29. Nd5 Rxa4 30. Qf3 Qxb2 31. Qxf5 Re5 32. Qd3 Qb5 33. Qxb5 axb5
34. Bb6 Rxg5+ 35. Kf2 Ng6 36. Rb3 b4 37. Ne3 Be5 38. Nc4 Bxh2 39. Nxd6 Bg1+ 40.
Kf3 Bxb6 41. Rbd3 Ne5+ 0-1

[Event "Tradewise Gibraltar Chess Festival 2013"]
[Site "Gibraltar ENG"]
[Date "2013.01.31"]
[Round "10.54"]
[White "Godard, Maxence"]
[Black "Nafri, Khalil"]
[Result "1-0"]
[WhiteElo "2340"]
[BlackElo "2091"]
[PlyCount "54"]
[EventDate "2013.01.22"]
[EventType "swiss"]
[EventRounds "10"]
[EventCountry "ENG"]
[Source "lmi"]
[SourceDate "2013.01.22"]

1. d4 Nf6 2. Nf3 g6 3. c4 Bg7 4. Nc3 O-O 5. e4 d6 6. h3 e5 7. d5 Nh5 8. Nh2 Nf4
9. g3 Nxh3 10. Nf3 g5 11. Rxh3 g4 12. Rh2 gxf3 13. Qxf3 Qf6 14. Qh1 Qg6 15. Be2
f5 16. Bd2 Na6 17. O-O-O Nc5 18. f3 a5 19. Rh5 Bd7 20. Qh2 fxe4 21. Rg5 Qf6 22.
fxe4 Qf2 23. Qh4 Be8 24. Rh1 h5 25. Bxh5 Nd3+ 26. Kb1 Qxd2 27. Bf7+ Kxf7 1-0

[Event "Tradewise Gibraltar Chess Festival 2013"]
[Site "Gibraltar ENG"]
[Date "2013.01.31"]
[Round "10.55"]
[White "Loew, Gerald"]
[Black "Kurmann, Oliver"]
[Result "0-1"]
[WhiteElo "2231"]
[BlackElo "2456"]
[PlyCount "76"]
[EventDate "2013.01.22"]
[EventType "swiss"]
[EventRounds "10"]
[EventCountry "ENG"]
[Source "lmi"]
[SourceDate "2013.01.22"]

1. c4 e5 2. g3 Nc6 3. Bg2 Bc5 4. Nc3 a6 5. Nf3 d6 6. d3 h6 7. O-O Nf6 8. a3 O-O
9. b4 Ba7 10. Bb2 Be6 11. Rc1 Qd7 12. e3 Rab8 13. Re1 Ne7 14. c5 Ng6 15. d4
exd4 16. exd4 Nd5 17. Qc2 Nge7 18. Ne4 Rbe8 19. Nfd2 Bb8 20. Nc4 Kh8 21. Na5 f5
22. Nd2 b6 23. Nab3 Nf6 24. c6 Qc8 25. a4 b5 26. axb5 axb5 27. Ra1 Bd5 28. Rec1
Nxc6 29. Bc3 Bxg2 30. Kxg2 Ne7 31. d5 Nexd5 32. Nd4 c5 33. N4f3 Ne4 34. Nxe4
fxe4 35. Nh4 Qg4 36. Rd1 Nf4+ 37. Kh1 Ne2 38. Ng6+ Kg8 0-1

[Event "Tradewise Gibraltar Chess Festival 2013"]
[Site "Gibraltar ENG"]
[Date "2013.01.31"]
[Round "10.56"]
[White "Quillan, Gary"]
[Black "O`toole, George E"]
[Result "1/2-1/2"]
[WhiteElo "2398"]
[BlackElo "2204"]
[PlyCount "114"]
[EventDate "2013.01.22"]
[EventType "swiss"]
[EventRounds "10"]
[EventCountry "ENG"]
[Source "lmi"]
[SourceDate "2013.01.22"]

1. e4 e5 2. Nf3 Nc6 3. Bb5 a6 4. Ba4 Nf6 5. O-O Be7 6. Re1 b5 7. Bb3 O-O 8. d4
d6 9. c3 Bg4 10. d5 Na5 11. Bc2 Qc8 12. h3 Bd7 13. Nbd2 c6 14. dxc6 Bxc6 15. b4
Nb7 16. Nf1 Nd8 17. Ng3 g6 18. Bh6 Re8 19. Bb3 Bd7 20. Qd2 Be6 21. Bc2 Kh8 22.
Bg5 Ra7 23. a4 Rc7 24. Ra3 Rc6 25. axb5 axb5 26. Bd3 Rb6 27. Rea1 Ng8 28. Be3
Rb8 29. Qe2 Bd7 30. Nd2 f5 31. Ba7 Rb7 32. exf5 gxf5 33. f3 Nf6 34. Bf2 f4 35.
Nge4 Bxh3 36. Ra8 Qd7 37. Ng5 Rg8 38. Bh4 Ne8 39. Nxh3 Bxh4 40. Kh1 Nf6 41. Nf1
Qc6 42. R1a6 Qd5 43. R6a7 Qf7 44. Rxb7 Qxb7 45. Ra5 Qc7 46. c4 Ne6 47. Qa2 Nd4
48. Ra7 Qc8 49. Nd2 Be1 50. c5 d5 51. Qxd5 Rxg2 52. Rxh7+ Nxh7 53. Kxg2 Qg8+
54. Qxg8+ Kxg8 55. Ne4 Bxb4 56. Nd6 Bxc5 57. Nxb5 Nxb5 1/2-1/2

[Event "Tradewise Gibraltar Chess Festival 2013"]
[Site "Gibraltar ENG"]
[Date "2013.01.31"]
[Round "10.57"]
[White "Karavade, Eesha"]
[Black "Byron, Alan M"]
[Result "1-0"]
[WhiteElo "2391"]
[BlackElo "2167"]
[PlyCount "73"]
[EventDate "2013.01.22"]
[EventType "swiss"]
[EventRounds "10"]
[EventCountry "ENG"]
[Source "lmi"]
[SourceDate "2013.01.22"]

1. d4 Nf6 2. c4 g6 3. Nc3 Bg7 4. e4 d6 5. f3 O-O 6. Nge2 Nbd7 7. Be3 e5 8. Qd2
c6 9. d5 cxd5 10. cxd5 Ne8 11. g4 Qa5 12. Ng3 Nc5 13. Rb1 Na6 14. h4 f6 15. h5
Kf7 16. Kf2 Bd7 17. b4 Qd8 18. Bd3 Nec7 19. a4 Qe8 20. Qe2 Rg8 21. Rhc1 Qf8 22.
Nb5 Ne8 23. Qd2 Qe7 24. Nxa7 Bxa4 25. Ra1 Bd7 26. Nc6 Qf8 27. b5 Nac7 28. b6
Rxa1 29. Rxa1 bxc6 30. b7 Na6 31. dxc6 Nb8 32. cxd7 Nc7 33. Bc4+ Ke7 34. h6 Bh8
35. Bxg8 Qxg8 36. Ra8 Nca6 37. Qa5 1-0

[Event "Tradewise Gibraltar Chess Festival 2013"]
[Site "Gibraltar ENG"]
[Date "2013.01.31"]
[Round "10.59"]
[White "Piasetski, Leon"]
[Black "Osuna Vega, Enrique"]
[Result "1/2-1/2"]
[WhiteElo "2310"]
[BlackElo "2157"]
[PlyCount "73"]
[EventDate "2013.01.22"]
[EventType "swiss"]
[EventRounds "10"]
[EventCountry "ENG"]
[Source "lmi"]
[SourceDate "2013.01.22"]

1. Nf3 c5 2. e4 e6 3. c3 d5 4. e5 Nc6 5. d4 Qb6 6. a3 c4 7. Nbd2 Na5 8. g3 Bd7
9. Bh3 Ne7 10. O-O h6 11. Ne1 Nb3 12. Nxb3 Ba4 13. f4 g6 14. Qe2 Bxb3 15. Be3
O-O-O 16. Bg2 Nf5 17. Bf2 Be7 18. g4 Ng7 19. Bg3 Rdg8 20. h3 Qd8 21. Bh2 Rh7
22. Nf3 Ba4 23. Nd2 h5 24. g5 Qd7 25. Bg3 Nf5 26. Bf2 Qb5 27. Nf3 Rhh8 28. Rfc1
Bb3 29. Bf1 a5 30. Nd2 a4 31. Bg2 Kd7 32. h4 Qc6 33. Nf1 Qc8 34. Bf3 Qc6 35.
Ne3 Nxe3 36. Bxe3 Rd8 37. Kg2 1/2-1/2

[Event "Tradewise Gibraltar Chess Festival 2013"]
[Site "Gibraltar ENG"]
[Date "2013.01.31"]
[Round "10.60"]
[White "Bird, Andrew"]
[Black "Villuendas Valero, Adrian"]
[Result "1/2-1/2"]
[WhiteElo "2223"]
[BlackElo "2301"]
[PlyCount "50"]
[EventDate "2013.01.22"]
[EventType "swiss"]
[EventRounds "10"]
[EventCountry "ENG"]
[Source "lmi"]
[SourceDate "2013.01.22"]

1. d4 e6 2. c4 Nf6 3. Nf3 Bb4+ 4. Bd2 Qe7 5. g3 Nc6 6. Nc3 Bxc3 7. Bxc3 Ne4 8.
Qc2 Nxc3 9. Qxc3 O-O 10. Bg2 d6 11. b4 e5 12. d5 Nb8 13. O-O a5 14. bxa5 Na6
15. Nd2 f5 16. Nb3 f4 17. Rac1 Bd7 18. c5 Rf6 19. c6 bxc6 20. dxc6 Be6 21. Qd3
Kh8 22. Qb5 Bc8 23. Qd3 Be6 24. Qb5 Bc8 25. Qd3 Be6 1/2-1/2

[Event "Tradewise Gibraltar Chess Festival 2013"]
[Site "Gibraltar ENG"]
[Date "2013.01.31"]
[Round "10.61"]
[White "Lind, Jan-Olof"]
[Black "Tate, Alan"]
[Result "1-0"]
[WhiteElo "2217"]
[BlackElo "2290"]
[PlyCount "81"]
[EventDate "2013.01.22"]
[EventType "swiss"]
[EventRounds "10"]
[EventCountry "ENG"]
[Source "lmi"]
[SourceDate "2013.01.22"]

1. e4 g6 2. Nf3 Bg7 3. d3 c5 4. g3 Nc6 5. Bg2 e5 6. O-O Nge7 7. Be3 d6 8. Qd2
O-O 9. Bh6 f5 10. Bxg7 Kxg7 11. exf5 Bxf5 12. c3 Qd7 13. Re1 h6 14. h4 Rf7 15.
Nh2 Raf8 16. Re2 Bh3 17. Bh1 d5 18. Na3 a6 19. Nc2 b5 20. b3 Rf6 21. Ne1 Qd6
22. Nef3 d4 23. c4 bxc4 24. bxc4 Bd7 25. Qd1 Rf5 26. Nd2 Qc7 27. Ne4 Nd8 28.
Qc1 Nc8 29. Qa3 Ne6 30. Qxa6 g5 31. hxg5 Nxg5 32. Nxg5 Rxg5 33. Rb1 Rf6 34. Qb7
Qd6 35. Nf3 Rgf5 36. Nxe5 Rxe5 37. Rxe5 Qxe5 38. Qxd7+ Ne7 39. Be4 h5 40. a4
Qd6 41. Qe8 1-0

[Event "Tradewise Gibraltar Chess Festival 2013"]
[Site "Gibraltar ENG"]
[Date "2013.01.31"]
[Round "10.62"]
[White "Grigoryan, Meri"]
[Black "Bergstrom, Rolf"]
[Result "0-1"]
[WhiteElo "2025"]
[BlackElo "2286"]
[PlyCount "118"]
[EventDate "2013.01.22"]
[EventType "swiss"]
[EventRounds "10"]
[EventCountry "ENG"]
[Source "lmi"]
[SourceDate "2013.01.22"]

1. d4 d6 2. Nf3 Nf6 3. Nbd2 c6 4. e4 Bg4 5. c3 e6 6. Bd3 Be7 7. Qc2 Bh5 8. b3
Bg6 9. O-O d5 10. Ne5 dxe4 11. Nxe4 Bxe4 12. Bxe4 Nxe4 13. Qxe4 O-O 14. Be3 Nd7
15. Nxd7 Qxd7 16. Rfe1 Rfd8 17. Rad1 Qc7 18. Bf4 Qa5 19. Rd3 Qd5 20. Qxd5 cxd5
21. Be5 b5 22. Rg3 g6 23. Rh3 Rac8 24. Ree3 f6 25. Bf4 Rc6 26. Re1 Rdc8 27. Bd2
h5 28. Rhe3 Kf7 29. h3 Bf8 30. R3e2 a5 31. g4 b4 32. cxb4 axb4 33. Kg2 Rc2 34.
Bf4 R8c6 35. gxh5 gxh5 36. Kg3 R6c3+ 37. Kg2 Rxe2 38. Rxe2 Be7 39. Kh2 Rc6 40.
Kg2 Kg6 41. Bg3 Kf5 42. f3 Rc8 43. Kf2 Bf8 44. Bh2 Rc1 45. Bb8 Rd1 46. Ba7 Bd6
47. Kg2 Rc1 48. Bb6 Rc6 49. Bc5 Bxc5 50. Rc2 e5 51. dxc5 d4 52. a3 d3 53. Rd2
Rxc5 54. Rxd3 Rc3 55. Rd1 bxa3 56. b4 Kf4 57. b5 Rc2+ 58. Kg1 Rb2 59. b6 a2 0-1

[Event "Tradewise Gibraltar Chess Festival 2013"]
[Site "Gibraltar ENG"]
[Date "2013.01.31"]
[Round "10.63"]
[White "Diaz Velandia, Jose Manuel"]
[Black "Dasaolu, Rotimi"]
[Result "0-1"]
[WhiteElo "2271"]
[BlackElo "2115"]
[PlyCount "86"]
[EventDate "2013.01.22"]
[EventType "swiss"]
[EventRounds "10"]
[EventCountry "ENG"]
[Source "lmi"]
[SourceDate "2013.01.22"]

1. d4 Nf6 2. Nf3 e6 3. Bf4 b6 4. e3 Bb7 5. Bd3 c5 6. O-O Be7 7. Nbd2 d5 8. c3
O-O 9. Ne5 Nbd7 10. Qf3 Nxe5 11. Bxe5 Nd7 12. Qh3 f5 13. f4 Nxe5 14. fxe5 a5
15. g4 g6 16. gxf5 exf5 17. Kh1 Ba6 18. Bxa6 Rxa6 19. Rf2 Qd7 20. Rg1 c4 21.
Nf1 b5 22. Ng3 Kh8 23. Ne2 b4 24. Nf4 g5 25. e6 Rxe6 26. Nxe6 Qxe6 27. Rgf1 g4
28. Qg3 Bd6 29. Qg2 Rf6 30. h4 Rh6 31. Rxf5 Rxh4+ 32. Kg1 Bh2+ 33. Qxh2 Rxh2
34. Kxh2 Qxe3 35. Rf8+ Kg7 36. R1f5 Qe7 37. Kg3 bxc3 38. bxc3 Qxf8 39. Rxf8
Kxf8 40. Kxg4 Ke7 41. Kf5 Kd6 42. a4 h5 43. Kg5 Ke6 0-1

[Event "Tradewise Gibraltar Chess Festival 2013"]
[Site "Gibraltar ENG"]
[Date "2013.01.31"]
[Round "10.64"]
[White "Gaehwiler, Gabriel"]
[Black "Ungureanu, Sandu"]
[Result "1-0"]
[WhiteElo "2269"]
[BlackElo "2019"]
[PlyCount "67"]
[EventDate "2013.01.22"]
[EventType "swiss"]
[EventRounds "10"]
[EventCountry "ENG"]
[Source "lmi"]
[SourceDate "2013.01.22"]

1. Nf3 c5 2. g3 Nc6 3. Bg2 e5 4. e4 Nf6 5. O-O Be7 6. Re1 O-O 7. c3 d6 8. d4
cxd4 9. cxd4 Bg4 10. d5 Nd4 11. Be3 Nxf3+ 12. Bxf3 Bxf3 13. Qxf3 Rc8 14. Nc3 a6
15. Rec1 b5 16. a4 Qd7 17. axb5 axb5 18. Ra7 Rc7 19. Rxc7 Qxc7 20. Nxb5 Qb8 21.
Qe2 Rc8 22. Rc6 Ne8 23. Qc4 Rxc6 24. dxc6 Nc7 25. Nxc7 Qxc7 26. Qb5 Bd8 27. b4
Kf8 28. Qb7 f5 29. Qxc7 Bxc7 30. f3 fxe4 31. fxe4 Ke7 32. b5 Ba5 33. b6 Kd8 34.
b7 1-0

[Event "Tradewise Gibraltar Chess Festival 2013"]
[Site "Gibraltar ENG"]
[Date "2013.01.31"]
[Round "10.65"]
[White "Jameson, David"]
[Black "Adrian, Claude"]
[Result "0-1"]
[WhiteElo "2143"]
[BlackElo "2260"]
[PlyCount "46"]
[EventDate "2013.01.22"]
[EventType "swiss"]
[EventRounds "10"]
[EventCountry "ENG"]
[Source "lmi"]
[SourceDate "2013.01.22"]

1. d4 d5 2. c4 e5 3. dxe5 d4 4. Nf3 Nc6 5. a3 Bg4 6. Bf4 Nge7 7. Nbd2 Ng6 8.
Bg3 Qe7 9. Qa4 O-O-O 10. O-O-O Kb8 11. h3 Bh5 12. Bh2 Ngxe5 13. Nxe5 Nxe5 14.
Qb5 f6 15. Bxe5 fxe5 16. f4 Bg6 17. Qxe5 Qxa3 18. f5 Qa1+ 19. Kc2 Qa4+ 20. Kc1
Bd6 21. Qb5 Qxb5 22. cxb5 Bxf5 23. Nf3 Bf4+ 0-1

[Event "Tradewise Gibraltar Chess Festival 2013"]
[Site "Gibraltar ENG"]
[Date "2013.01.31"]
[Round "10.66"]
[White "Nazarenus, Moritz"]
[Black "Novoa, Fernando"]
[Result "1/2-1/2"]
[WhiteElo "2248"]
[BlackElo "2017"]
[PlyCount "81"]
[EventDate "2013.01.22"]
[EventType "swiss"]
[EventRounds "10"]
[EventCountry "ENG"]
[Source "lmi"]
[SourceDate "2013.01.22"]

1. d4 d5 2. c4 e6 3. Nc3 Nf6 4. cxd5 exd5 5. Bg5 Be7 6. e3 c6 7. Qc2 Nbd7 8.
Bd3 Nh5 9. Bxe7 Qxe7 10. Nge2 Nb6 11. h3 g6 12. O-O-O Ng7 13. g4 Bd7 14. Ng3
O-O-O 15. Rde1 Kb8 16. Kb1 h5 17. Be2 hxg4 18. hxg4 Rde8 19. Qd1 Qf6 20. Rxh8
Rxh8 21. Rh1 Rxh1 22. Nxh1 Qh4 23. Qg1 f5 24. f3 fxg4 25. fxg4 g5 26. b3 Ne8
27. Nf2 Nf6 28. Kc1 Be6 29. Nb1 Ne4 30. Nxe4 dxe4 31. Nc3 Bd5 32. Kd2 Nd7 33.
Qf1 Qh7 34. Qf2 Kc8 35. Qg3 Qg6 36. Qh2 Bg8 37. Bd1 Bd5 38. Bc2 Qe6 39. Qh8+
Kc7 40. Qh5 Qe7 41. Qh2+ 1/2-1/2

[Event "Tradewise Gibraltar Chess Festival 2013"]
[Site "Gibraltar ENG"]
[Date "2013.01.31"]
[Round "10.67"]
[White "Rujan, Rodel-Marinel"]
[Black "Olhovik, Andrei"]
[Result "1/2-1/2"]
[WhiteElo "1759"]
[BlackElo "2246"]
[PlyCount "61"]
[EventDate "2013.01.22"]
[EventType "swiss"]
[EventRounds "10"]
[EventCountry "ENG"]
[Source "lmi"]
[SourceDate "2013.01.22"]

1. c4 c5 2. g3 g6 3. Bg2 Bg7 4. Nc3 Nc6 5. e3 e5 6. Nge2 Nge7 7. O-O O-O 8. d3
d6 9. Rb1 Rb8 10. a3 a6 11. b4 cxb4 12. axb4 b5 13. cxb5 axb5 14. d4 exd4 15.
exd4 Bb7 16. Nxb5 Ba6 17. Nbc3 Nxb4 18. Ba3 Qa5 19. Ra1 Rb6 20. Qd2 Bxe2 21.
Nxe2 Nbc6 22. Qxa5 Nxa5 23. Bxd6 Rxd6 24. Rxa5 Bxd4 25. Nxd4 Rxd4 26. Re1 Nf5
27. Ra7 Rfd8 28. Bh3 R8d5 29. Bxf5 Rxf5 30. Re2 h5 31. h4 1/2-1/2

[Event "Tradewise Gibraltar Chess Festival 2013"]
[Site "Gibraltar ENG"]
[Date "2013.01.31"]
[Round "10.68"]
[White "Storey, Charles H"]
[Black "Hackner, Oskar A"]
[Result "1-0"]
[WhiteElo "2245"]
[BlackElo "2015"]
[PlyCount "133"]
[EventDate "2013.01.22"]
[EventType "swiss"]
[EventRounds "10"]
[EventCountry "ENG"]
[Source "lmi"]
[SourceDate "2013.01.22"]

1. e4 e6 2. d4 d5 3. Nc3 Nf6 4. e5 Nfd7 5. Nce2 c5 6. c3 Nc6 7. f4 b5 8. Nf3 b4
9. Ng3 bxc3 10. bxc3 cxd4 11. cxd4 f6 12. Kf2 Be7 13. Bd3 fxe5 14. fxe5 O-O 15.
Bxh7+ Kxh7 16. Qc2+ Kg8 17. Qxc6 Nb6 18. Qc2 Bd7 19. Qg6 Nc4 20. Nh5 Rf7 21.
Kg3 Rc8 22. Rf1 Qe8 23. Qg4 Ba4 24. Bh6 Qf8 25. Rf2 Na3 26. Rc1 Bc2 27. Nxg7
Rxg7 28. Qxg7+ Qxg7+ 29. Bxg7 Kxg7 30. Ne1 Rc3+ 31. Kf4 Kg6 32. Rcxc2 Nxc2 33.
Rxc2 Bg5+ 34. Kg4 Re3 35. Nf3 Re4+ 36. Kh3 Be3 37. Rc6 Kf5 38. Rc7 Rxd4 39.
Rf7+ Ke4 40. Rf6 Rb4 41. Rxe6 d4 42. Rd6 Rb7 43. e6 Rh7+ 44. Kg4 Rg7+ 45. Kh5
Kf5 46. g4+ Kf6 47. Kh4 Bf4 48. Rd7 d3 49. g5+ Bxg5+ 50. Nxg5 Rxg5 51. Rxd3 Ra5
52. Re3 Ke7 53. a3 Rb5 54. Kg4 Rb2 55. h4 Rg2+ 56. Kf5 Rh2 57. Re4 Rg2 58. h5
Rh2 59. Kg6 Rg2+ 60. Kh7 Rg5 61. h6 a5 62. Kh8 Rg6 63. h7 Rg5 64. a4 Rg3 65.
Re5 Rg2 66. Rxa5 Kxe6 67. Ra8 1-0

[Event "Tradewise Gibraltar Chess Festival 2013"]
[Site "Gibraltar ENG"]
[Date "2013.01.31"]
[Round "10.70"]
[White "Wiedersich, Jens"]
[Black "Kriebel, Tadeas"]
[Result "0-1"]
[WhiteElo "2120"]
[BlackElo "2369"]
[PlyCount "90"]
[EventDate "2013.01.22"]
[EventType "swiss"]
[EventRounds "10"]
[EventCountry "ENG"]
[Source "lmi"]
[SourceDate "2013.01.22"]

1. d4 d5 2. Nf3 e6 3. g3 c6 4. Bg2 Nd7 5. O-O Bd6 6. c4 f5 7. Qb3 Ngf6 8. Nc3
O-O 9. Re1 Kh8 10. Ng5 Qe7 11. f3 e5 12. Be3 dxc4 13. Qxc4 Nd5 14. Bd2 N7b6 15.
Nxd5 Nxc4 16. Nxe7 Bxe7 17. Bc1 exd4 18. Nh3 Be6 19. Nf4 Bg8 20. Kf2 Rad8 21.
Nd3 Rfe8 22. Rd1 c5 23. b3 Ne3 24. Rh1 b5 25. Rb1 Nxg2 26. Kxg2 Bf6 27. Kf2 c4
28. bxc4 bxc4 29. Nf4 d3 30. exd3 Bd4+ 31. Kg2 g5 32. Nh5 Re2+ 33. Kh3 g4+ 34.
fxg4 fxg4+ 35. Kh4 cxd3 36. Bg5 Rf8 37. Nf4 Rxa2 38. Nxd3 Bd5 39. Bh6 Rg8 40.
Bg5 h6 41. Be7 Bxh1 42. Rxh1 Re2 43. Bd6 Kh7 44. Bf4 Bf6+ 45. Kh5 Ra2 0-1

[Event "Tradewise Gibraltar Chess Festival 2013"]
[Site "Gibraltar ENG"]
[Date "2013.01.31"]
[Round "10.72"]
[White "Mckenna, Jason P"]
[Black "Forsaa, Espen"]
[Result "1-0"]
[WhiteElo "2110"]
[BlackElo "2305"]
[PlyCount "81"]
[EventDate "2013.01.22"]
[EventType "swiss"]
[EventRounds "10"]
[EventCountry "ENG"]
[Source "lmi"]
[SourceDate "2013.01.22"]

1. e4 e6 2. d4 d5 3. Nc3 Bb4 4. e5 c5 5. a3 Bxc3+ 6. bxc3 Ne7 7. Qg4 Qc7 8.
Qxg7 Rg8 9. Qxh7 cxd4 10. Ne2 Nbc6 11. f4 dxc3 12. Qd3 Nf5 13. Qxc3 Bd7 14. Rb1
O-O-O 15. Rg1 d4 16. Qd3 f6 17. g4 Nh4 18. exf6 e5 19. f7 Rg7 20. f5 Rxf7 21.
Bg5 e4 22. Qxe4 Re8 23. Qd5 Bxf5 24. Bxh4 Bxc2 25. Bg3 Nb4 26. Qxd4 Bxb1 27.
axb4 Qc1+ 28. Qd1 Qc4 29. Rg2 Bc2 30. Qd2 Rd7 31. Qf4 Qxf4 32. Bxf4 Rd1+ 33.
Kf2 Rf8 34. Rg3 Bd3 35. Rf3 Bc4 36. Ng3 Bxf1 37. Nxf1 Rd4 38. Bd2 Rfd8 39. g5
Kd7 40. Bc3 Rd5 41. g6 1-0

[Event "Tradewise Gibraltar Chess Festival 2013"]
[Site "Gibraltar ENG"]
[Date "2013.01.31"]
[Round "10.73"]
[White "Scharrer, Patrick"]
[Black "Havik, Victor"]
[Result "1-0"]
[WhiteElo "2248"]
[BlackElo "2094"]
[PlyCount "49"]
[EventDate "2013.01.22"]
[EventType "swiss"]
[EventRounds "10"]
[EventCountry "ENG"]
[Source "lmi"]
[SourceDate "2013.01.22"]

1. e4 e5 2. Nf3 Nc6 3. Bc4 Bc5 4. c3 Nf6 5. d3 d6 6. Nbd2 O-O 7. h3 a6 8. Bb3
Ba7 9. Nf1 Ne7 10. Bg5 Ng6 11. Nh4 Nf4 12. Qf3 h6 13. Bxf4 exf4 14. Ng6 Re8 15.
Nxf4 d5 16. O-O-O dxe4 17. dxe4 Qe7 18. Ng3 c6 19. Nfh5 Nxh5 20. Nxh5 Be6 21.
Qg3 g6 22. Bxe6 Qxe6 23. Rd6 Qxa2 24. Rxg6+ Kh8 25. Rxh6# 1-0

[Event "Tradewise Gibraltar Chess Festival 2013"]
[Site "Gibraltar ENG"]
[Date "2013.01.31"]
[Round "10.74"]
[White "Valgmae, Toomas"]
[Black "Kozarcanin, Sead"]
[Result "1-0"]
[WhiteElo "2218"]
[BlackElo "2090"]
[PlyCount "57"]
[EventDate "2013.01.22"]
[EventType "swiss"]
[EventRounds "10"]
[EventCountry "ENG"]
[Source "lmi"]
[SourceDate "2013.01.22"]

1. e4 e5 2. Nf3 Nc6 3. d4 exd4 4. Nxd4 Nf6 5. Nxc6 bxc6 6. e5 Qe7 7. Qe2 Nd5 8.
c4 Nb6 9. Nc3 Bb7 10. Bf4 a5 11. O-O-O Ba6 12. Rd4 Qe6 13. Ne4 h6 14. Nd2 O-O-O
15. h4 Bb4 16. g3 Rhe8 17. Bh3 Qe7 18. Nf3 Kb7 19. Qc2 Bc5 20. Rd3 Bxc4 21. Rc3
Bd5 22. Rxc5 Bxf3 23. Re1 a4 24. Be3 Bd5 25. f4 Bxa2 26. Bg2 Rb8 27. Qd3 Bd5
28. Ra5 Qb4 29. Qa6# 1-0